000 004220000a22001690004500
003 MACL
005 20160109130948.0
008 160109b xxu||||| |||| 00| 0 eng d
040 _aMACL
_cMACL
041 _aEnglish
082 _a920/EDW
100 _aEdwards, Philip
_930347
245 _aSir Walter Ralegh
260 _bLongmans Green And co,
_c1953
_aBritian
650 _aBiography
_930348
942 _cBK
_k920/Edw
_2ddc
999 _c35351
_d35351